000 00852nam a2200253 i 4500
001 11903
003 KOSZ 005
005 20200630132825.0
008 070620s1969 pl a f 001 0 pol
015 _aPB 1969/8919
040 _aWA N
_cKOSZ 005/RW
_dKOSZ 005/RW
080 _a539.1
100 1 _aStrzałkowski, Adam
_d(1923- )
_eAutor
245 1 0 _aWstęp do fizyki jądra atomowego /
_cAdam Strzałkowski.
260 _aWarszawa :
_bPaństwowe Wydawnictwo Naukowe,
_c1969.
300 _a391, [1] s. :
_bil., err. ;
_c25 cm.
380 _aKsiążki.
504 _aIndeks.
655 4 _aPodręczniki akademickie
650 4 _aFizyka jądrowa
710 2 _aPaństwowe Wydawnictwo Naukowe
_4pbl.
856 _uhttp://koha.tu.koszalin.pl/cgi-bin/koha/opac-detail.pl?biblionumber=11903
_yKatalog online BPK
942 _2UKD
_cKS
999 _c11903
_d11903